000 00377nam a2200121Ia 4500
008 210430s9999 xx 000 0 und d
082 _a5311130R1612A
100 _aRamesh Rajput
_955016
245 2 _aA text book of Fluid mechanics and hydraulic machines(in si units)
_cRamesh Rajput
260 _aNew Delhi
_bs.chand company limited
_c2009
300 _a60p.
942 _cBK
_2ddc
999 _c565974
_d565974